000 00225nam a22000857a 4500
999 _c2970
_d2970
008 190304b ||||| |||| 00| 0 eng d
100 _aOlson, Ross
245 _aSweden stamp color guide (Fragskalan)
650 _aSweden; color guide